000 01229cam a22003377a 4500
003 CHAP
005 20220329142932.0
008 050316d2004 mx d rs 00110 spa d
010 _a89837
011 _a90809
020 _a970134409X
035 _a101366
040 _cCHAP
082 0 4 _a336.72
_bI6 1997-02
110 2 _aInstituto Nacional de Estadística, Geografía e Informática. México
_959304
245 1 0 _aSistema de cuentas nacionales de México:
_bindicadores macroeconómicos del sector público 1997-2002 base 1993
_c/ por INEGI
260 _aAguascalientes, Ags. :
_bInstituto Nacional de Estadística, Geografía e Informática,
_c2004.
300 _a103 p. :
_bgráf. ; cuadros
590 _aBATCH-UPD
_b10
_c20130110
_lUCH01
_h0918
590 _aBATCH-UPD
_b10
_c20130410
_lUCH01
_h0541
590 _aBATCH-UPD
_b10
_c20130914
_lUCH01
_h1533
590 _aCONVERSION
_b10
_c20130109
_lUCH01
_h1350
650 1 4 _aGasto público.
_947252
650 1 4 _aIngresos
_xContabilidad
_zMéxico.
_958391
650 1 4 _aPrecios.
_991344
650 1 4 _aProducto interno bruto.
_991870
901 _aBK
905 _aLilia
942 _cLIBRO
949 _a336.72 I6 1997-02
_bBC
_cINEGI
_d33724000952958
_eINEGI
_h105198
_i101366
_sb
999 _c89837
_d89837